000 00987cam a2200265 4500
008 000000n2001 000 0 eng u
020 _a1842190040
035 _a(Sirsi) u106241
050 _a333.7609667
100 _aKasanga, K.
245 _aLand resource management for agricultural development in Ghana
_h[electronic resource]
260 _aLondon
_bRICS
_c2001
300 _a31p.
_c30cm.
490 _aRICS Foundation Our Common Estate Series
650 _aAFRICA
650 _aAGRICULTURAL DEVELOPMENT
650 _aPROPERTY-RURAL AND NATURAL ASSETS-AGRICULTURAL PROPERTY-AGRICULTURAL LAND
650 _aGHANA
650 _aLAND RESOURCE
650 _aRESOURCE MANAGEMENT
690 _aRURAL-AGRICULTURE AND FORESTRY
710 _aRoyal Institution of Chartered Surveyors
_bResearch Foundation
_93861
856 4 0 _uhttps://www.rics.org/Global/Downloads/LandResourceManagementAgriculturalDevelopmentGhana200110.pdf
_zView the item at www.rics.org...
942 _n0
999 _c100544
_d100544